000 00969cam a2200301 a 4500
001 15249929
003 OSt
005 20230606083238.0
008 080407s2008 ke a 001 0 eng
010 _a 2008349322
020 _a9966226443
040 _aDLC
_cDLC
_dDLC
042 _alcode
043 _af-ke---
082 _a343.0122
_bLUM
100 1 _aLumumba, Patrick L. O.
245 1 0 _aKenya's quest for a constitution :
_bthe postponed promise /
_cP.L.O. Lumumba.
246 3 0 _aPostponed promise
260 _aNairobi :
_bJomo Kenyatta Foundation,
_c2008.
300 _aviii, 306 p. :
_bcol. ill. ;
_c25 cm.
500 _aIncludes index.
650 0 _aConstitutional history
_zKenya.
651 0 _aKenya
_xPolitics and government
_y2002-
856 4 1 _3Table of contents
_uhttp://www.loc.gov/catdir/toc/fy0804/2008349322.html
906 _a7
_bcbc
_corigode
_d3
_encip
_f20
_gy-gencatlg
942 _2ddc
_cBK
999 _c478
_d478